Le Cabinet des estampes de la Bibliothèque Nationale (Record no. 152108)

MARC details
000 -LEADER
campo de control de longitud fija 00921nam a2200229 i 4500
001 - NÚMERO DE CONTROL
campo de control 152108
003 - IDENTIFICADOR DE NÚMERO DE CONTROL
campo de control ES-MaACL
005 - FECHA Y HORA DE LA ÚLTIMA TRANSACCIÓN
campo de control 20250817043534.0
008 - DATOS DE LONGITUD FIJA--INFORMACIÓN GENERAL
campo de control de longitud fija 030506q1921 fr |||| | fre d
040 ## - FUENTE DE CATALOGACIÓN
Centro catalogador/agencia de origen CAM
Lengua de catalogación spa
Centro/agencia transcriptor CAM
080 ## - NÚMERO DE LA CLASIFICACIÓN DECIMAL UNIVERSAL
Número de la Clasificación Decimal Universal 017.1(443.61 P.):76
100 1# - ENTRADA PRINCIPAL--NOMBRE DE PERSONA
Nombre de persona Bouchot, Henri.
9 (RLIN) 126103
245 13 - MENCIÓN DEL TÍTULO
Título Le Cabinet des estampes de la Bibliothèque Nationale
Resto del título : guide du lecteur et du visiteur, catalogue générale et raisonné des collections qui y sont conservées /
Mención de responsabilidad, etc. par Henri Bouchot.
260 ## - PUBLICACIÓN, DISTRIBUCIÓN, ETC.
Lugar de publicación, distribución, etc. Paris :
Nombre del editor, distribuidor, etc. E. Dentu,
Fecha de publicación, distribución, etc. [h. 1921] (
Lugar de fabricación/manufactura Lille :
Fabricante Imp. L. Danel)
300 ## - DESCRIPCIÓN FÍSICA
Extensión 392 p. ;
Dimensiones 23 cm.
596 ## - NOTA AL PIE DE IMPRENTA
NOTA AL PIE DE IMPRENTA E. Dentu parece que ejerce ca. 1861-1900.
650 07 - PUNTO DE ACCESO ADICIONAL DE MATERIA--TÉRMINO DE MATERIA
Término de materia o nombre geográfico como elemento de entrada Grabado-
Subdivisión geográfica Bibliothèque Nationale (Francia)-
Subdivisión de forma Catálogos
Fuente del encabezamiento o término
9 (RLIN) 162673
650 #4 - PUNTO DE ACCESO ADICIONAL DE MATERIA--TÉRMINO DE MATERIA
Término de materia o nombre geográfico como elemento de entrada Grabado-
Subdivisión de forma Catálogos.
9 (RLIN) 13145
710 2# - ENTRADA AGREGADA--NOMBRE DE ENTIDAD CORPORATIVA
Nombre de entidad corporativa o nombre de jurisdicción como elemento de entrada Bibliothèque nationale de France.
9 (RLIN) 2217
852 ## - LOCALIZACIÓN
Ubicación ES-MaACL
Número de control de estantería G-5953
Nota libre - Enc. hol.
Holdings
Estatus retirado Estado de pérdida Estado de daño No para préstamo Biblioteca de origen Biblioteca actual Ubicación en estantería Fecha de adquisición Fuente de adquisición Total de préstamos Signatura topográfica completa Código de barras Visto por última vez Precio de reemplazo Tipo de ítem Koha
        Biblioteca del Ateneo de Madrid Biblioteca del Ateneo de Madrid Depósito 2 17/01/2008     G-5953 1158795 23/02/2023 23/02/2023 Libro impreso